Test de matrices progresivas: cuaderno de matrices; escala avanzada, Serie II

Guardat en:
Dades bibliogràfiques
Autor principal: Raven, J. C (Autor)
Format: Llibre
Idioma:espanyol
Publicat: Buenos Aires Paidós 1976
Matèries:
Etiquetes: Afegir etiqueta
Sense etiquetes, Sigues el primer a etiquetar aquest registre!

MARC

LEADER 00000nam a2200000 a 4500
001 UCK2461
003 CL-VaPUC
008 050113e19760000AG |||||||||||||||||spa|d
020 |a 9501260615 
082 0 4 |a 153.93  |b RAV  |2 21 
100 0 |a Raven, J. C  |e author  |9 490305 
245 1 0 |a Test de matrices progresivas: cuaderno de matrices; escala avanzada, Serie II 
300 |a 36 p 
942 |c BK 
945 |d 20050113 00:00:00  |a cmena 
260 |a Buenos Aires  |b Paidós  |c 1976 
500 |a Incluye Carpeta de evaluación del Test de Raven, Protocolo de Prueba, Plantilla de Puntuación 
500 |a Para todas las Escalas se utiliza un único Manual 
650 0 |a Desarrollo individual   |9 307875 
650 0 |a Inteligencia  |9 267038 
650 0 |a Cognición   |9 270347 
650 0 |a Psicoanálisis   |9 265702 
650 0 |a Desarrollo mental   |9 313003 
583 |a last modification  |c 20050113 00:00:00  |k Rodrigo Vera 
999 |c 311977  |d 311975 
952 |0 0  |1 0  |4 0  |6 153_930000000000000_RAV_1976  |7 0  |8 R  |9 381754  |a BIBEDU  |b BIBEDU  |d 2019-11-21  |i 4092678  |o 153.93 RAV 1976  |p 4092678  |r 2019-11-21  |w 2019-11-21  |y BK_R  |k PSI